History Quiz

Random History or Biography Quiz

4 Decades of Notable Deaths Quiz Stats

 Plays Quiz Updated Nov 9, 2019

Score 0/20 Timer 04:00
10 Plays Today
Question Answer Wrong Answers
John F. Kennedy
b.1917
1960s
93.8%
1970s
2.7%
1980s
1%
1990s
0.3%
Kurt Cobain
b.1967
1990s
87.3%
1960s
0.5%
1970s
1.9%
1980s
8.1%
Marilyn Monroe
b.1926
1960s
82%
1970s
11.9%
1980s
3%
1990s
0.7%
John Lennon
b.1940
1980s
80.5%
1960s
2.2%
1970s
12.8%
1990s
2.2%
Mother Teresa
b.1910
1990s
77.8%
1960s
2.1%
1970s
3.9%
1980s
13.7%
Malcolm X
b.1925
1960s
67.6%
1970s
19.1%
1980s
8.3%
1990s
2.6%
John Belushi
b.1949
1980s
67.6%
1960s
1.4%
1970s
12.2%
1990s
16.4%
Jim Morrison
b.1943
1970s
66.5%
1960s
17.6%
1980s
9.2%
1990s
4.2%
Richard Nixon
b.1913
1990s
65.9%
1960s
1.1%
1970s
5.1%
1980s
25.4%
Carl Sagan
b.1934
1990s
56.4%
1960s
4.1%
1970s
11.2%
1980s
25.7%
Eleanor Roosevelt
b.1884
1960s
55.9%
1970s
29.9%
1980s
9.2%
1990s
2.4%
Indira Gandhi
b.1917
1980s
50.5%
1960s
10.8%
1970s
22.1%
1990s
14%
J. Edgar Hoover
b.1895
1970s
50%
1960s
29.3%
1980s
15.6%
1990s
2.6%
Che Guevara
b.1928
1960s
49.7%
1970s
29.9%
1980s
13.1%
1990s
4.9%
Lucille Ball
b.1911
1980s
47.4%
1960s
5.8%
1970s
17.1%
1990s
27.1%
Ayatollah Khomeini
b.1902
1980s
45.5%
1960s
6%
1970s
15.6%
1990s
30.4%
Agatha Christie
b.1890
1970s
44.3%
1960s
28.6%
1980s
19.3%
1990s
5.2%
Pablo Picasso
b.1881
1970s
44.1%
1960s
30.3%
1980s
18.1%
1990s
5.1%
Charlie Chaplin
b.1889
1970s
44.1%
1960s
33.9%
1980s
16.9%
1990s
2.8%
Dusty Springfield
b.1939
1990s
39.9%
1960s
6.9%
1970s
22.1%
1980s
28.4%

You're not logged in!

Compare scores with friends on all Sporcle quizzes.
OR
Log In

Sporcle TV

Today on Sporcle TV


Watch our educational content, quiz creation guides, and fun videos on Sporcle TV.

Show Comments

Extras

Top Quizzes Today


Score Distribution

Your Account Isn't Verified!

In order to create a playlist on Sporcle, you need to verify the email address you used during registration. Go to your Sporcle Settings to finish the process.

Report this User

Report this user for behavior that violates our Community Guidelines.

Details: